<?xml version="1.0" encoding="UTF-8"?>
<collection xmlns:xsi="http://www.w3.org/2001/XMLSchema-instance" xsi:schemaLocation="http://www.loc.gov/MARC21/slim http://www.loc.gov/standards/marcxml/schema/MARC21slim.xsd" xmlns="http://www.loc.gov/MARC21/slim">
 <record>
  <leader>00000ctm a22000003a 4500</leader>
  <controlfield tag="001">UP-99796217608257357</controlfield>
  <controlfield tag="003">Buklod</controlfield>
  <controlfield tag="005">20080213140908.0</controlfield>
  <controlfield tag="006">a     r    |||| u|</controlfield>
  <controlfield tag="007">ta</controlfield>
  <controlfield tag="008">080213s1999    xx     d     r    |||| u|</controlfield>
  <datafield tag="035" ind1=" " ind2=" ">
   <subfield code="a">(iLib)UPD-00004270276</subfield>
  </datafield>
  <datafield tag="040" ind1=" " ind2=" ">
   <subfield code="a">dche</subfield>
  </datafield>
  <datafield tag="041" ind1=" " ind2=" ">
   <subfield code="a">eng</subfield>
  </datafield>
  <datafield tag="090" ind1=" " ind2=" ">
   <subfield code="a">LG 993.5 1999 F66</subfield>
   <subfield code="b">D44</subfield>
  </datafield>
  <datafield tag="100" ind1="1" ind2=" ">
   <subfield code="a">De Jesus, Cherryl Del Castillo</subfield>
  </datafield>
  <datafield tag="245" ind1="0" ind2="0">
   <subfield code="a">Packaging studies of minimally processed lettuce</subfield>
   <subfield code="c">Cherryl del Castillo de Jesus ; Ana Marie M. Quijano, adviser.</subfield>
  </datafield>
  <datafield tag="264" ind1=" " ind2="1">
   <subfield code="c">1999.</subfield>
  </datafield>
  <datafield tag="300" ind1=" " ind2=" ">
   <subfield code="a">136 leaves</subfield>
  </datafield>
  <datafield tag="500" ind1=" " ind2=" ">
   <subfield code="a">Thesis (BSFT)--University of the Philippines Diliman</subfield>
  </datafield>
  <datafield tag="520" ind1=" " ind2=" ">
   <subfield code="a">Lettuce, Lactuca sativa, had been minimally processed using the standard procedure of Bolin and Huxsall (1991). Seventy grams of lettuce have been packed with low-density polyethylene, propylene and linear low-density polyethylene bags each. A total of 16 from each packaging material was produced wherein half of them were stored in the refrigerator at 5°C and the other half in the freezer at -18°C for two weeks. Microbial analysis was conducted at days 3, 7, 10 and 14. Sensory evaluation was accomplished using the 10-cm unstructured scales wherein its extreme points represented the intensity of the descriptive attribute being evaluated, at days 3, 6, 8, 10 and 13. The produce packed in LDPE bags and stored at freezing temperature had the least number of colonies formed at all days. In the sensory evaluation, the minimally processed vegetable packed in LDPE bags and stored at 5°C yielded the best results for all its attributes at days 3, 6 and 8 only, but after which gave very poor results. Those stored at freezing temperature had relatively consistent results at all the days, but had a poor start. Their texture and physical appearance attributes had very low scores. Proper drying techniques, and more cold storage conditions and packaging materials are recommended in this study to fully determine the best storage temperature and packaging material for lettuce.</subfield>
  </datafield>
  <datafield tag="650" ind1="1" ind2="7">
   <subfield code="a">Lettuce</subfield>
   <subfield code="x">Packaging.</subfield>
  </datafield>
  <datafield tag="700" ind1="1" ind2=" ">
   <subfield code="a">Quijano, Ana Marie M.</subfield>
  </datafield>
  <datafield tag="905" ind1=" " ind2=" ">
   <subfield code="a">UPIANA</subfield>
  </datafield>
  <datafield tag="852" ind1="0" ind2=" ">
   <subfield code="a">UPD</subfield>
   <subfield code="b">DCHE</subfield>
   <subfield code="h">LG 993.5 1999 F66</subfield>
   <subfield code="i">D44</subfield>
  </datafield>
  <datafield tag="942" ind1=" " ind2=" ">
   <subfield code="a">Thesis</subfield>
  </datafield>
 </record>
</collection>
